Историята без цензура (Запис номер 77226)
[ съкратено ]
| 000 -Лидер | |
|---|---|
| Контролно поле с фиксирана дължина | 01862nam a2200397 c 4500 |
| 003 - Код на организацията, давaща контролен номер | |
| Контролно поле | BLK |
| 005 - Дата и час на последна редакция | |
| Контролно поле | 20241217005411.0 |
| 008 - Елементи от данни с фиксирана дължина | |
| fixed length control field | 180408b bul|||||r ||||||| ||bul|| |
| 010 ## - Наследен системен номер | |
| LC control number | KNG00081678000 |
| 020 ## - Международен стандартен номер на книга ISBN | |
| Международен стандартен номер на книга ISBN | 978-954-28-0171-9 |
| -- | издат.: Сиела Софт енд Паблишинг |
| 040 ## - Източник на каталожния запис | |
| Идентификатор на билиотеката - собственик на записа | BLK |
| 041 ## - Код за език | |
| Код за езика на текст/звукозапис или на отделно заглавие | Български |
| Код за езика КДБФ | Български |
| 080 ## - УДК | |
| Текстов определител УДК | Обща световна история. История на света |
| УДК код - определител по УДК | 930.9 |
| УДК определител | (059)(02.062) |
| УДК - код + определител | 930.9(059)(02.062) |
| 100 1# - Редна дума - Автор | |
| Автор | Крофтън, Йън |
| Авторска отговорност | първи автор |
| R(LIN) | 298240 |
| 139 ## - Редно поле | |
| Редна дума | Крофтън, Йън |
| Авторски знак | Кро - К 91 |
| 245 10 - Сведения за заглавието | |
| Заглавие | Историята без цензура |
| Подзаглавни данни | Любопитна хронология на света |
| Редно поле (дума) | Йън Крофтън; прев. Димитър Цанов; прев. Емилия Станимирова Ничева-Карастойчева. |
| 257 ## - Страна на издаване | |
| Страна на създаване/издаване | Великобритания |
| 260 ## - Област на издателските данни | |
| -- | София |
| Име на издателя, разпространителя и проч. | Сиела Софт енд Паблишинг |
| Година на издаване | 2008 |
| 300 ## - Физическа характеристика | |
| Страници | 388 с. |
| Размери/Мащаб | 23 см |
| 380 ## - Жанр | |
| Жанр | История |
| 490 1# - СЕРИИ (Колекции) | |
| Име на серия | Historia incognita |
| 500 ## - Общи забележки | |
| Забележка | Ориг. загл. History Without the Boring Bits / Ian Crofton. - Офс. изд. - Съдържа и за авт. |
| 650 #4 - Допълнително описание по предмет – тема | |
| Основно описание – тема или топоним | История, обща |
| 9 (RLIN) | 264694 |
| 651 #4 - Допълнително описание по предмет - топоним | |
| Географско понятие | Свят |
| 9 (RLIN) | 179507 |
| 653 ## - Ключова дума – ненормативна | |
| Ключова дума | история |
| 653 ## - Ключова дума – ненормативна | |
| Ключова дума | световна история |
| 653 ## - Ключова дума – ненормативна | |
| Ключова дума | хронология |
| 700 1# - Други автори (авторска отговорност) | |
| Лично име | Цанов, Димитър |
| Автороска отговорност (Описва отношението между автора и произведението) | прев. |
| 9 (RLIN) | 298241 |
| 700 1# - Други автори (авторска отговорност) | |
| Лично име | Карастойчева, Емилия Станимирова |
| Дати, свързани с автора | 1971 - |
| Друга информация | Индолог. Преводач от английски език |
| Пълна форма на името | Ничева-Карастойчева, Емилия Станимирова |
| 9 (RLIN) | 76920 |
| 852 ## - Местоположение | |
| Форматна сигнатура | Цб 238534 |
| 856 4# - Електронен адрес и достъп | |
| Електронен формат | pdf - файл |
| Път до файла /url/ | |
| 856 4# - Електронен адрес и достъп | |
| Електронен формат | pdf - файл |
| Път до файла /url/ | |
| 942 ## - АРТИКУЛИ | |
| Вид на библиотечния материал | Книги |
| Скрит в OPAC | Не |
| Koha issues (borrowed), all copies | 4 |
| 944 ## - СЪЗДАВАНЕ И РЕДАКЦИЯ на ЗАПИСА | |
| Създаване/Редакция | Създаване |
| Дата на регистрацията/редакция | 21.02.2008 |
| Статус, дата на статуса | CRON CRON |
| Служител, извършил регистрацията/редакцията | |
| 944 ## - СЪЗДАВАНЕ И РЕДАКЦИЯ на ЗАПИСА | |
| Създаване/Редакция | Редакция |
| Дата на регистрацията/редакция | 05.04.2011 |
| Статус, дата на статуса | ф / |
| Служител, извършил регистрацията/редакцията | |
| 999 ## - СИСТЕМНИ КОНТРОЛНИ НОМЕРА | |
| Koha biblionumber | 77226 |
| Koha biblioitemnumber | 77226 |
| Код за отписване | Код за изгубен артикул | Източник на класификационната схема | Код за повреда | Коз за рестрикции | Код за отдаване | Артикулен № | Име на библиотеката - собственик | Име на библиотеката, в която се намира в момента | Статус (Текущо местоположение) | Дата на вписване в системата | Местоположение - отдел | Цена в лева | Инвентарен номер | Систематично азбучна сигнатура | Баркод | Номер на екземпляра | Цена в евро | Служебна бележка | Служебен тип на артикула |
|---|---|---|---|---|---|---|---|---|---|---|---|---|---|---|---|---|---|---|---|
| Не е изгубен | Universal Decimal Classification | Не е повреден | без рестрикции | заемане за дома | 125190 | Регионална библиотека "Любен Каравелов" Русе | Регионална библиотека "Любен Каравелов" Русе | Заемна - подръчен фонд | 2008-02-21 | Заемна - подръчен фонд | 16.00 | 120000723731 | 930/К 91 И | 120000723731 | 1 | 8.18 | Дост: Pk Вид: Ф N: 15872 Дата: 14.02.2008 Дата инв: 07.02.2018 Бележки инв: П2018 | Книги | |
| Изтеглен | Не е изгубен | Universal Decimal Classification | Не е повреден | без рестрикции | заемане за дома | 125191 | Регионална библиотека "Любен Каравелов" Русе | Регионална библиотека "Любен Каравелов" Русе | Заемна - подръчен фонд | 2008-03-25 | Заемна - подръчен фонд | 16.00 | 120000724827 | 930/К 91 И | 120000724827 | 2 | 8.18 | Дост: Pk Вид: Ф N: 1730 Дата: 22.03.2008 | Книги |
| Не е изгубен | Не е повреден | без рестрикции | ползва се в читалня | 125192 | Регионална библиотека "Любен Каравелов" Русе | Регионална библиотека "Любен Каравелов" Русе | Хранилище | 2011-03-29 | Основен фонд - ползва се само за читалня | 16.00 | 120000750253 | Цб 238534 | 120000750253 | 3 | 8.18 | Дост: DA Вид: А N: 4 Дата: 29.03.2011 | Книги |